000 00276nam a22001097a 4500
082 _a651.74 BUE'C
100 _aBURNING
_974467
245 _aCOMMUNICATING ON THE JOB A PRACTICAL GUIDE FOR SUPERVISORS
260 _aLONDON
_bADDISEN WESLEY
_c1974
300 _a78P
942 _cBK
999 _c579992
_d579992